01066nam a2200241Ia 4500003000900000008004100009020001800050040001600068080002400084111008800108245021900196260005000415300001300465490003900478650001400517650001600531700003600547700002800583710004400611942000700655999001700662952014500679IN-BaIIA211028s9999 xx 000 0 eng d a0-7354-0131-4 cIIA Library a524.834(082.2)bCOS aBrazilian School of Cosmology and GravitationcBrazild2002 July 29 - Aug. 9928632 0aCosmology and gravitationbXth Brazilian school of cosmology and gravitation held in Mangaratiba, Brazil, 29 July - 9 Aug 2002cedited by M. Novello and S. E. P. Bergliaff  aNew YorkbAmerican Institute of Physicsc2003 ax, 305p. aAIP conference proceedings; v. 668 aCosmology aGravitation aBergliaff, S. E. P., ed.928633 aNovello, M., ed.928634 aAmerican Institute of Physics 92416 cBK c15519d15519 00104070aBANbBANcGENd2003-11-22eSV g11880.75l0o524.834(082.2)/ COSp16441r2021-11-05v11880.75w2003-11-22yBKGRs. 11880.75